Historia, Geografía y Ciencias Sociales 2º Educación Media: texto para el estudiante
Guardat en:
| Autors principals: | , , , |
|---|---|
| Format: | Llibre |
| Idioma: | espanyol |
| Publicat: |
Santiago
Santillana del Pacífico
2011
|
| Edició: | 1a. ed |
| Matèries: | |
| Etiquetes: |
Afegir etiqueta
Sense etiquetes, Sigues el primer a etiquetar aquest registre!
|
MARC
| LEADER | 00000cam a2200000 a 4500 | ||
|---|---|---|---|
| 001 | UCC2724 | ||
| 003 | CL-VaPUC | ||
| 008 | 180316e20110000cl |||||||||||||||||spa|d | ||
| 020 | |a 9789561517349 | ||
| 082 | 0 | 4 | |a 900.712 |b MEN |2 21 |
| 100 | |a Méndez Montero, Verónica |e autora |9 596720 | ||
| 700 | 0 | |a Santelices Ariztía, Carolina |e author |9 596721 | |
| 700 | 0 | |a Martínez Iturriaga, Rodrigo |e author |9 596722 | |
| 700 | 0 | |a Puga Serrano, Isidora |e author |9 596723 | |
| 245 | 1 | 0 | |a Historia, Geografía y Ciencias Sociales 2º Educación Media: texto para el estudiante |
| 250 | |a 1a. ed | ||
| 300 | |a 320 p | ||
| 942 | |c BK | ||
| 945 | |d 20180316 12:27:00 |a arojas | ||
| 260 | |a Santiago |b Santillana del Pacífico |c 2011 | ||
| 650 | 0 | |a Enseñanza de la historia |9 307330 | |
| 650 | 0 | |a Enseñanza de la geografía |9 310005 | |
| 650 | 0 | |a Enseñanza de las ciencias sociales |9 337823 | |
| 650 | 0 | |a Textos escolares |9 382843 | |
| 650 | 0 | |a Libros de texto |9 270019 | |
| 583 | |a last modification |c 20180316 12:27:00 |k Rodrigo Vera | ||
| 999 | |c 370690 |d 370688 | ||
| 952 | |0 0 |1 0 |3 erb |4 0 |6 900_712000000000000_MEN_2011 |7 0 |8 A |9 487271 |a BIBHIS |b BIBHIS |i 5456304 |l 1 |o 900.712 MEN 2011 |p 5456304 |r 2025-01-20 |s 2024-01-16 |w 2019-11-24 |y BK |z Catalogado en:20180316 |k HIS | ||